Competencia laboral de los directores de Educación Media de la Regional 10, Distrito Educativo 10-01,en incidencia y aportes al Sistema Educativo Dominicano desde sus respectivos centros. Período mayo-agosto 2013. (Record no. 58)

MARC details
000 -LEADER
campo de control de longitud fija 02626nam a2200565Ia 4500
001 - NÚMERO DE CONTROL
campo de control 69
008 - DATOS DE LONGITUD FIJA--INFORMACIÓN GENERAL
campo de control de longitud fija 241029s9999 xx 000 0 und d
010 ## - NÚMERO DE CONTROL DE LA BIBLIOTECA DEL CONGRESO
Número de control de LC 58
041 ## - CÓDIGO DE IDIOMA
Código de lengua del texto/banda sonora o título independiente Español
082 ## - NÚMERO DE LA CLASIFICACIÓN DECIMAL DEWEY
Número de clasificación NO APLICA
245 #0 - MENCIÓN DEL TÍTULO
Título Competencia laboral de los directores de Educación Media de la Regional 10, Distrito Educativo 10-01,en incidencia y aportes al Sistema Educativo Dominicano desde sus respectivos centros. Período mayo-agosto 2013.
260 ## - PUBLICACIÓN, DISTRIBUCIÓN, ETC.
Lugar de publicación, distribución, etc. Santo Domingo
300 ## - DESCRIPCIÓN FÍSICA
Extensión 103
520 ## - RESUMEN, ETC.
Sumario, etc. 30
520 ## - RESUMEN, ETC.
Sumario, etc. Esta investigación es un estudio de las competencias laborales de los directores/ras de Educación Media de la regional 10, Distritos Educativos 10-01 y 10-02.Se trata de un estudio explorativo con alcance descriptivo cuyo propósito central es determinar el nivel de competencia laboral de los directores de Media.El fundamento teórico señala que: la competencia laboral es un conjunto identificable y evaluable de conocimientos, actitudes, valores y habilidades relacionadas entre sí, que permiten desempeños satisfactorios en situaciones reales de trabajo, según estándares utilizados en el área ocupacional. Las ideas a defender resumen el planteamiento del problema y las mismas son: un director competente cuenta con los conocimientos, destrezas y habilidades requeridas por el sector laboral.Los centros educativos dirigido por profesionales competentes son organizados.La competencia laboral de las/los directivos de los Liceos de los Distritos 10-01 y 10-02 inciden en desarrollo de los centros que dirige. 
630 ## - PUNTO DE ACCESO ADICIONAL DE MATERIA--TÍTULO UNIFORME
Título uniforme Actitudes
630 ## - PUNTO DE ACCESO ADICIONAL DE MATERIA--TÍTULO UNIFORME
Título uniforme Centros Educativos
630 ## - PUNTO DE ACCESO ADICIONAL DE MATERIA--TÍTULO UNIFORME
Título uniforme Competencia Laboral
630 ## - PUNTO DE ACCESO ADICIONAL DE MATERIA--TÍTULO UNIFORME
Título uniforme Competencia Profesional
630 ## - PUNTO DE ACCESO ADICIONAL DE MATERIA--TÍTULO UNIFORME
Título uniforme Liderazgo
650 ## - PUNTO DE ACCESO ADICIONAL DE MATERIA--TÉRMINO DE MATERIA
Término de materia o nombre geográfico como elemento de entrada Administración de la Educación
690 ## - PUNTO DE ACCESO ADICIONAL DE MATERIA LOCAL--TÉRMINO DE MATERIA (OCLC, RLIN)
Término de materia o nombre geográfico como elemento inicial Copiado sin cambios
700 ## - ENTRADA AGREGADA--NOMBRE PERSONAL
Término indicativo de función/relación asesor
Nombre de persona Hernandes, Felis
700 ## - ENTRADA AGREGADA--NOMBRE PERSONAL
Término indicativo de función/relación autor
Nombre de persona Pujols Castodro, Danilsa Claribel
901 ## - ELEMENTOS DE DATOS A LOCAL LDA (RLIN)
a {"1":"Pujols Castodro"}
b {"1":"Danilsa Claribel"}
902 ## - ELEMENTOS DE DATOS B LOCAL, LDB (RLIN)
a 1
903 ## - ELEMENTOS DE DATOS C LOCAL, LDC (RLIN)
a {"1":"Hernandes"}
b {"1":"Felis"}
904 ## - ELEMENTOS DE DATOS D LOCAL, LDD (RLIN)
a Magíster en
905 ## - ELEMENTOS DE DATOS E LOCAL, LDE (RLIN)
a Planificación Educativa
906 ## - ELEMENTOS DE DATOS F LOCAL, LDF (RLIN)
a 2
907 ## - ELEMENTOS DE DATOS G LOCAL, LDG (RLIN)
a NO APLICA
908 ## - COLOCAR PARÁMETRO DE COMANDO (RLIN)
Colocar parámetro de comando NO APLICA
909 ## -
-- Universidad Nacional Evangélica (UNEV), Recinto Santo Domingo
910 ## - DATOS DE OPCIÓN DEL USUARIO (OCLC)
Datos de opción del usuario NULL
-- NULL
911 ## - EQUIVALENCIA O REFERENCIA-CRUZADA-NOMBRE DE CONFERENCIA O REUNIÓN/CONGRESO [LOCAL, CANADÁ]
Nombre de congreso/reunión o jurisdicción como elemento de entrada ["1"]
912 ## -
-- NO APLICA
913 ## -
-- NULL
914 ## -
-- 05 de Agosto de 2013
915 ## -
-- 19/11/19 04:11
916 ## -
-- NULL
917 ## -
-- NULL
918 ## -
-- NO APLICA
919 ## -
-- ["6","33","36","39","131"]
921 ## -
-- 16
922 ## -
-- 16
923 ## -
-- 0
924 ## -
-- NO APLICA
942 ## - ELEMENTOS DE ENTRADA SECUNDARIOS (KOHA)
Tipo de ítem Koha

No items available.

© 2024. Todos los Derechos Reservados. Desarrollado por IDEICE